000
00302nam a22001217a 4500
999
_c
9207
_d
9207
003
OSt
005
20210114143346.0
008
210109b ||||| |||| 00| 0 eng d
040
_c
DDC
100
_a
Barnes, Albert
245
_a
Notes on the New Testament: Explanatory and Practical
_b
ACTS
942
_2
ddc
_c
BK